Datum a čas kvízu
24
Celkem bodů
Celkový počet nahraných bodů na tomto kvízu bez doplňovacích otázek.
6.
Pořadí na kvízu
Konečné umístění týmu na tomto kvízu.
Zaznamenané odpovědi
| # | Otázka | Odpověď | Body | Výsledky |
|---|---|---|---|---|
| 1. | Jak se jmenuje 59letý bývalý s... | Dominik Hašek | 1 | |
| 2. | Ve středu byl zveřejněn žebříč... | Finsko | 1 | |
| 3. | Streetartový umělec Banksy se... | strom | 1 | |
| 4. | Český statistický úřad zveřejn... | C) hlávkové zelí | 0 | |
| 5. | V pondělí byla představena kol... | z (křišťálového) skla | 1 | |
| 6. | Toto literární téma vyhrálo mi... | Alchymista | 0 | |
| 7. | Dívka Fern jednoho dne pozoruj... | Šarlotina pavučinka, E. B. White | 0 | |
| 8. | Přiřaďte klasická díla ruské l... | 1D 2C 3B 4A | 0 | |
| 9. | Jedna z nejprodávanějších knih... | Anne Frank | 1 | |
| 10. | Na závěr se zaměříme na novějš... | Zmizelá | 0 |